MARC

LEADER 00000nam0a2200000 4500
001 675747
005 20241021161028.0
090 |a 675747 
100 |a 20241021d1978 m||y0rusy50 ca 
101 0 |a rus 
102 |a RU 
105 |a a z 001yy 
181 0 |a i   |b  e  
182 0 |a n 
183 0 |a nc  |2 RDAcarrier 
200 1 |a Эмалировочные машины-автоматы  |e учебное пособие  |f С. И. Гончаров, А. К. Худяк  |g Новочеркасский политехнический институт им. С. Орджоконидзе 
203 |a Текст  |b визуальный  |c непосредственный 
210 |a Новочеркасск  |c [б. и.]  |d 1978 
215 |a 88 с.  |c ил. 
283 |a volume  |2 RDAcarrier 
320 |a Литература: с. 87 
606 1 |a Эмалирование  |x Автоматизация и механизация  |9 56620 
610 1 |a полуавтоматы 
610 1 |a внутренние покрытия 
610 1 |a технологические процессы 
610 1 |a грунтовые покрытия 
610 1 |a технологические расчеты 
610 1 |a кинематические расчеты 
675 |a 666.293  |v 4 
700 1 |a Гончаров  |b С. И.  |g Семен Иванович 
701 1 |a Худяк  |b А. К.  |g Анатолий Кириллович 
712 0 2 |a Новочеркасский политехнический институт им. Серго Орджоникидзе  |c (1948-1993)  |4 570  |9 23289 
801 0 |a RU  |b 63413507  |c 20241021 
830 |a Ретро2024Каталогизация Мотырева 
850 |a 63413507 
942 |c BK